| 000 | 00434nam a2200181Ia 4500 | ||
|---|---|---|---|
| 001 | 17088 | ||
| 005 | 20260306170359.0 | ||
| 008 | 260306t2004||||xx |||||||||||||| ||und|| | ||
| 041 | _aESP | ||
| 082 |
_a657.45 _bS25 |
||
| 100 |
_aSantillana González, Juan Ramón _eAUT |
||
| 245 | 0 | _aAuditoría fundamentos | |
| 260 | _c2004 | ||
| 300 |
_axvii, 387 páginas : _c |
||
| 650 | _aGEN | ||
| 654 | _aCCO | ||
| 942 |
_cLIB _dJUS _fJUS _2ddc _n |
||
| 999 |
_c17088 _d17088 |
||